Control de calidad: teoría y aplicaciones
Saved in:
| Main Authors: | , |
|---|---|
| Format: | Bog |
| Sprog: | spansk |
| Udgivet: |
Madrid
Díaz de Santos
1990
|
| Fag: | |
| Tags: |
Tilføj Tag
Ingen Tags, Vær først til at tagge denne postø!
|
MARC
| LEADER | 00000nam a2200000 a 4500 | ||
|---|---|---|---|
| 001 | UCV5969 | ||
| 003 | CL-VaPUC | ||
| 008 | 921229e19900000SP |||||||||||||||||spa|d | ||
| 082 | 0 | 4 | |a 658.562 |b HAN |2 21 |
| 100 | |a Hansen, Bertrand L |e author |9 365439 | ||
| 700 | 0 | |a Ghare, Prabhakar M |e author |9 300201 | |
| 245 | 1 | 0 | |a Control de calidad: teoría y aplicaciones |
| 300 | |a 549 p | ||
| 942 | |c BK | ||
| 945 | |d 19921229 00:00:00 | ||
| 260 | |a Madrid |b Díaz de Santos |c 1990 | ||
| 650 | 0 | |a Control de calidad |9 259714 | |
| 650 | 0 | |a Métodos estadísticos |9 259407 | |
| 583 | |a last modification |c 19921229 00:00:00 |k Rodrigo Vera | ||
| 999 | |c 212248 |d 212246 | ||
| 952 | |0 0 |1 0 |4 0 |6 658_562000000000000_HAN_1990 |7 0 |8 A |9 192867 |a BIBING |b BIBING |d 2019-11-14 |i 2605155 |l 1 |o 658.562 HAN 1990 |p 2605155 |r 2025-01-20 |s 2020-07-27 |w 2019-11-14 |y BK |k CCL | ||